Mẫu thư tín thương mại tiếng Anh

Nội dung sách giúp cho bạn đọc chuyển tài thông điệp của mình phù hợp và thành công với những cấu trúc, ngôn ngữ và giọng văn có tính hiệu quả cao.

Uloženo v:
Podrobná bibliografie
Médium: Kniha
Jazyk:Undetermined
Vydáno: Đà Nẵng 2010
Témata:
Tagy: Přidat tag
Žádné tagy, Buďte první, kdo otaguje tento záznam!
Thư viện lưu trữ: Trung tâm Học liệu Trường Đại học Cần Thơ
LEADER 00752nam a2200181Ia 4500
001 CTU_166987
008 210402s9999 xx 000 0 und d
020 |c 150000 
082 |a 651.75 
082 |b M125 
245 0 |a Mẫu thư tín thương mại tiếng Anh 
245 0 |c Saigonbook biên dịch 
260 |b Đà Nẵng 
260 |c 2010 
520 |a Nội dung sách giúp cho bạn đọc chuyển tài thông điệp của mình phù hợp và thành công với những cấu trúc, ngôn ngữ và giọng văn có tính hiệu quả cao. 
650 |a Commercial correspondence,Thư từ thương mại 
904 |i Tuyến 
980 |a Trung tâm Học liệu Trường Đại học Cần Thơ